Exposition of the illegal acts of ex-president Balmaceda which causes the civil war in Chile / (Record no. 160107)

MARC details
000 -LEADER
campo de control de longitud fija 00793nam a22001935i 4500
001 - NÚMERO DE CONTROL
campo de control 160107
003 - IDENTIFICADOR DE NÚMERO DE CONTROL
campo de control ES-MaACL
005 - FECHA Y HORA DE LA ÚLTIMA TRANSACCIÓN
campo de control 20251109133346.0
008 - DATOS DE LONGITUD FIJA--INFORMACIÓN GENERAL
campo de control de longitud fija 040920s1891 xxu |||| | eng d
040 ## - FUENTE DE CATALOGACIÓN
Centro catalogador/agencia de origen CAM
Lengua de catalogación spa
Centro/agencia transcriptor CAM
100 1# - ENTRADA PRINCIPAL--NOMBRE DE PERSONA
Nombre de persona Montt, Pedro.
9 (RLIN) 130120
245 10 - MENCIÓN DEL TÍTULO
Título Exposition of the illegal acts of ex-president Balmaceda which causes the civil war in Chile /
Mención de responsabilidad, etc. by Pedro Montt.
260 ## - PUBLICACIÓN, DISTRIBUCIÓN, ETC.
Lugar de publicación, distribución, etc. Washington :
Nombre del editor, distribuidor, etc. Gibson Bros., printed and bookbinders,
Fecha de publicación, distribución, etc. 1891.
300 ## - DESCRIPCIÓN FÍSICA
Extensión 40 p. ;
Dimensiones 23 cm.
600 17 - PUNTO DE ACCESO ADICIONAL DE MATERIA--NOMBRE DE PERSONA
Nombre de persona Balmaceda, José Manuel,
Títulos y otros términos asociados al nombre Presidente de Chile-
Subdivisión cronológica 1886-1891
Fuente del encabezamiento o término
9 (RLIN) 125790
651 #4 - PUNTO DE ACCESO ADICIONAL DE MATERIA--NOMBRE GEOGRÁFICO
Nombre geográfico Chile-
Subdivisión general Política y gobierno-
Subdivisión cronológica 1886-1891-
Subdivisión de forma Fuentes.
9 (RLIN) 223278
852 ## - LOCALIZACIÓN
Ubicación ES-MaACL
Número de control de estantería T-549-F-5
Nota libre -- Enc. hol., conservando la cub. original
-- -- Enc. en un vol. facticio
Holdings
Estatus retirado Estado de pérdida Estado de daño No para préstamo Colección Biblioteca de origen Biblioteca actual Ubicación en estantería Fecha de adquisición Total de préstamos Signatura topográfica completa Código de barras Visto por última vez Precio de reemplazo Tipo de ítem Koha
        Colección de folletos Biblioteca del Ateneo de Madrid Biblioteca del Ateneo de Madrid Depósito folletos 17/01/2008   T-549-F-5 1167621 23/02/2023 23/02/2023 Folleto